000 00468nam a22001937a 4500
003 MPLRDC
005 20220104153616.0
008 210129b ||||| |||| 00| 0 eng d
020 _a981-4157-10-4
082 _a857.9 YGM v.1
100 _a岳观铭
245 _a天厨记. 上
_c
250 _a初版
260 _a
_b玲子传媒私人有限公司
_c2004
300 _b
490 _a古唐武淋史
650 _a武侠小说
942 _cBK
_o857.9 YGM v.1
999 _c53522
_d53512